Agricultural Land Tribunals succession decisions : abstracts and commentaries (Record no. 92338)

MARC details
000 -LEADER
fixed length control field 01047cam a2200289 4500
008 - FIXED-LENGTH DATA ELEMENTS--GENERAL INFORMATION
fixed length control field 090401t1991 xxu||||| |||| 00| 0 eng d
020 ## - INTERNATIONAL STANDARD BOOK NUMBER
International Standard Book Number 0854064168
035 ## - SYSTEM CONTROL NUMBER
System control number (Sirsi) u48435
041 ## - LANGUAGE CODE
Language code of text/sound track or separate title eng
050 ## - LIBRARY OF CONGRESS CALL NUMBER
Classification number 630.026
090 ## - LOCALLY ASSIGNED LC-TYPE CALL NUMBER (OCLC); LOCAL CALL NUMBER (RLIN)
Classification number (OCLC) (R) ; Classification number, CALL (RLIN) (NR) 630.026
090 ## - LOCALLY ASSIGNED LC-TYPE CALL NUMBER (OCLC); LOCAL CALL NUMBER (RLIN)
Classification number (OCLC) (R) ; Classification number, CALL (RLIN) (NR) RICS 1991/2ABCD
100 ## - MAIN ENTRY--PERSONAL NAME
Personal name Hamilton, R.N.D.
245 ## - TITLE STATEMENT
Title Agricultural Land Tribunals succession decisions : abstracts and commentaries
250 ## - EDITION STATEMENT
Edition statement 2nd ed.
260 ## - PUBLICATION, DISTRIBUTION, ETC.
Place of publication, distribution, etc. London
Name of publisher, distributor, etc. RICS Books
Date of publication, distribution, etc. 1991
300 ## - PHYSICAL DESCRIPTION
Extent Looseleaf ; 23cm.
350 ## - PRICE (NR) (BK AM CF MU VM SE) [OBSOLETE]
Price 29.95
520 ## - SUMMARY, ETC.
Summary, etc. This edition was re-issued in November 1991 after errors were discovered in the first printing. The copy at 1991/2Aa is the uncorrected version. The imprint does not indicate that the edition was corrected, nor is there any record of what the errors were.
650 ## - SUBJECT ADDED ENTRY--TOPICAL TERM
Topical term or geographic name entry element AGRICULTURAL LAND TRIBUNAL
650 ## - SUBJECT ADDED ENTRY--TOPICAL TERM
Topical term or geographic name entry element ALT SUCCESSION DECISIONS
690 ## - LOCAL SUBJECT ADDED ENTRY--TOPICAL TERM (OCLC, RLIN)
Topical term or geographic name as entry element RURAL PRACTICE
700 ## - ADDED ENTRY--PERSONAL NAME
Personal name Troup, Donald
International Standard Serial Number Editor
710 ## - ADDED ENTRY--CORPORATE NAME
Corporate name or jurisdiction name as entry element Royal Institution of Chartered Surveyors
9 (RLIN) 4900
942 ## - ADDED ENTRY ELEMENTS (KOHA)
Suppress in OPAC 0
948 ## - LOCAL PROCESSING INFORMATION (OCLC); SERIES PART DESIGNATOR (RLIN)
c (OCLC) 04/03/1997
Holdings
Withdrawn status Lost status Source of classification or shelving scheme Damaged status Not for loan Home library Current library Shelving location Date acquired Total Checkouts Full call number Barcode Date last seen Date last checked out Copy number Price effective from Koha item type
    Dewey Decimal Classification     London London RICS Boxes 14/09/1999 5 RICS 1991/2 30016281 06/08/2019 10/05/2004 1 06/08/2019 Book
    Dewey Decimal Classification     London London RICS Boxes 14/09/1999   RICS 1991/2 30016282 06/08/2019   2 06/08/2019 Reference material
    Dewey Decimal Classification     London London RICS Boxes 14/09/1999   RICS 1991/2 30022622 06/08/2019   3 06/08/2019 Archive
    Dewey Decimal Classification     London London RICS Boxes 03/02/1997 3 RICS 1991/2 30051961 06/08/2019 27/01/2004 4 06/08/2019 Book
    Dewey Decimal Classification     London London RICS Boxes 22/12/1999   RICS 1991/2 30024833 06/08/2019   5 06/08/2019 Archive